Modern Family Characters - Statistics

General Stats
  • This quiz has been taken 1,105 times
  • The average score is 13 of 15
Answer Stats
Hint Answer % Correct
Realtor and father of 3 Phil Dunphy
100%
Son of Phil and brother to Haley and Alex Luke Dunphy
99%
Nerd and middle child to Phil and Claire Alex Dunphy
98%
Mitchell's gay partner Cameron Tucker
98%
Works for her father and married to Phil Claire Dunphy
98%
Current wife of Jay and is Columbian Gloria Pritchett
98%
Grampa and closet seller Jay Pritchett
98%
Gay son of Jay Mitchell Pritchett
98%
Unlce to Luke, Haley and Alex and is the same age as Luke Manny Delgado
97%
Daughter of Gays Cam and Mitch Lily Tucker-Pritchett
96%
Jay's pet dog Stella
88%
Ex-Wife of Jay Dede
85%
Manny's Father and Gloria's ex-husband Javier Delgado
75%
Phil's father Frank Dunphy
67%
Arch Nemesis of Phil Gil Thorpe
39%
No matching quizzes found
Score Distribution
Percent of People with Each Score
Percentile by Number Answered
Your Score History
You have not taken this quiz